000 00381nam a22001577a 4500
003 SGT
020 _a9789388022163
082 _a616.0707
_bS19S
100 _aAghanashini, Suchetha
245 _aSaliva : A Versatile Fluid
250 _a1ST
260 _aNEW DELHI
_bIP Innovative Publication Pvt. Ltd.
_c2019
300 _a1-87
650 _aORAL PATHOLOGY
942 _2ddc
_cBK
999 _c20169
_d20169